Talking Heads: Albums by Cover - Statistics

General Stats
  • This quiz has been taken 35 times
  • The average score is 6 of 8
Answer Stats
Picture Hint Answer % Correct
1977 Talking Heads: 77
100%
1980 Remain in Light
88%
1979 Fear of Music
81%
1978 More Songs About Buildings and Food
77%
1983 Speaking in Tongues
77%
1988 Naked
69%
1986 True Stories
62%
1985 Little Creatures
58%
No matching quizzes found
Score Distribution
Percent of People with Each Score
Percentile by Number Answered
Your Score History
You have not taken this quiz